El fracaso en el aprendizaje escolar, 1: dificultades globales de tipo adaptativo

Guardat en:
Dades bibliogràfiques
Autor principal: Molina García, Santiago (autor)
Format: Llibre
Idioma:espanyol
Publicat: Málaga Aljibe 1997
Col·lecció:Biblioteca de Educación
Matèries:
Etiquetes: Afegir etiqueta
Sense etiquetes, Sigues el primer a etiquetar aquest registre!

MARC

LEADER 00000nam a2200000 a 4500
001 UCQ1034
003 CL-VaPUC
008 980703e19970000SP |||||||||||||||||spa|d
082 0 4 |a 371.28  |b MOL  |2 21 
100 |a Molina García, Santiago  |e autor  |9 617444 
245 1 3 |a El fracaso en el aprendizaje escolar, 1: dificultades globales de tipo adaptativo 
300 |a v 
942 |c BK 
945 |d 19980703 00:00:00  |a mvenant 
260 |a Málaga  |b Aljibe  |c 1997 
650 7 |a FRACASO ESCOLAR  |2 CL-VaPUC  |9 308828 
650 0 |a Sociología de la educación   |9 260380 
650 7 |a TRASTORNOS DE APRENDIZAJE  |2 CL-VaPUC  |9 414543 
583 |a last modification  |c 19980703 00:00:00  |k Rodrigo Vera 
490 0 |a Biblioteca de Educación 
999 |c 272045  |d 272043 
952 |0 0  |1 0  |4 0  |6 371_280000000000000_MOL_1997  |7 0  |8 A  |9 306875  |a BIBEDU  |b BIBEDU  |d 2019-11-20  |h v.1  |i 3440567  |o 371.28 MOL 1997  |p 3440567  |r 2019-11-20  |w 2019-11-20  |y BK  |k BME 
952 |0 0  |1 0  |4 0  |6 371_280000000000000_MOL_1997  |7 0  |8 A  |9 306876  |a BIBEDU  |b BIBEDU  |d 2019-11-20  |i 3495620  |o 371.28 MOL 1997  |p 3495620  |r 2019-11-20  |w 2019-11-20  |y BK  |k BME